|
|
|
|
| LEADER |
00000ckm a2200000 a 4500 |
| 001 |
vtls010208555 |
| 003 |
SK-MaSNL |
| 005 |
20260331205653.0 |
| 007 |
kf bo |
| 008 |
231214q1927 xo g kuslo |
| 015 |
|
|
|a SNBG
|
| 035 |
|
|
|a C25A3382-4B07-41E6-83EE-569ECF7C123C
|
| 035 |
|
|
|a urn:nbn:sk:snk-km007bwa
|
| 035 |
|
|
|a urn:nbn:sk:snk-kmtj6r
|
| 040 |
|
|
|a SNK
|b slo
|c SNK
|e AACR2
|
| 041 |
0 |
|
|a slo
|a fre
|
| 043 |
|
|
|a e-xo---
|
| 044 |
|
|
|a xo
|c SK
|
| 080 |
|
|
|a 391
|2 2001
|
| 080 |
|
|
|a 39
|2 2001
|
| 080 |
|
|
|a 908(437.6)
|2 2001
|
| 080 |
|
|
|a (089.7)
|2 2001
|
| 080 |
|
|
|a (437.6)
|2 2001
|
| 100 |
1 |
|
|a Plicka, Karel,
|d 1894-1987
|4 pht
|9 89292
|
| 245 |
1 |
0 |
|a Važec. (Župa Liptovská)
|h grafika
|n VI. 9.
|p Detský motív
|c fotogr. Karol Plicka
|
| 246 |
3 |
1 |
|a Važec. (Département de Liptov)
|b Trois enfants
|
| 246 |
3 |
0 |
|a Detský motív
|
| 260 |
|
|
|a Turčiansky Sv. Martin
|b Národopisný odbor Matice Slovenskej
|c [1927]
|
| 300 |
|
|
|a 1 pohľadnica
|b čiernobiela
|c 9x14 cm
|
| 546 |
|
|
|a Súbežný názov franc.
|
| 650 |
0 |
7 |
|a ľudové odevy
|2 SNKPH
|9 85297
|
| 650 |
0 |
7 |
|a etnografia
|2 SNKPH
|9 950
|
| 651 |
|
7 |
|a Slovensko
|2 SNKPH
|9 14231
|
| 651 |
|
7 |
|a Važec (Slovensko)
|2 SNK
|9 54496
|
| 655 |
|
7 |
|a geografické pohľadnice
|2 SNKPH
|9 70522
|
| 655 |
|
7 |
|a žánrové pohľadnice
|2 SNKPH
|9 70524
|
| 852 |
|
|
|a Slovenská národná knižnica
|
| 958 |
|
|
|a GBN
|
| 958 |
|
|
|a GC
|
| 958 |
|
|
|a OND
|
| 958 |
|
|
|a EUIPO
|
| 999 |
|
|
|c 662829
|d 664759
|
| 952 |
|
|
|a SNK
|b SNK
|y PREZ
|7 0
|p 17A0688085
|o snkSP 2657/b
|0 0
|1 0
|4 0
|d 2011-02-03
|f 1
|l 0
|r 2026-02-23 18:59:13
|w 2026-02-23
|